Geoguessr Metas🌎 - Statistics

General Stats
  • This quiz has been taken 1,953 times
  • The average score is 9 of 20
Answer Stats
Picture Hint Answer % Correct
Country with this Google car Mongolia
77%
Country with these utility poles Taiwan
75%
Country with this Google car Ghana
74%
Countries that commonly have rifts in the sky Montenegro, Albania, Senegal
72%
Countries that predominantly feature low-cam Switzerland, Japan
69%
Small country where this brick is commonly found Andorra
65%
Country where this car follows you Tunisia
57%
Small country known for these undulating hills Lesotho
53%
Country with signs painted black on the back Brazil
43%
Island that has a similar Google car to the previous, but the black tape is on the bottom right Reunion
39%
Country with these road lines Uruguay
36%
US state with these utility poles California
35%
US state with this grainy pavement Texas
35%
Island overrun by albatrosses Midway Atoll
34%
Island known for having this cabbage Hokkaido
31%
Country that commonly has white paint at the bottom of trees Ukraine
28%
Country that has these bollards Cambodia
20%
Country with these utility poles Guatemala
11%
Island likely to have this architecture and flora Bermuda
8%
The hardest location to guess Mount Gambier
2%
No matching quizzes found
Score Distribution
Percent of People with Each Score
Percentile by Number Answered
Your Score History
You have not taken this quiz